What state is this course in? - Statistics

General Stats
  • This quiz has been taken 10 times
  • The average score is 8 of 20
Answer Stats
Picture Answer % Correct
Florida
100%
Arizona
80%
California
80%
Florida
60%
Georgia
60%
Hawaii
60%
Missouri
60%
Alaska
40%
Illinois
40%
Nevada
40%
South Carolina
40%
Alabama
20%
Florida
20%
Michigan
20%
Ohio
20%
South Carolina
20%
South Carolina
20%
Texas
20%
Ohio
0%
Ohio
0%
No matching quizzes found
Score Distribution
Percent of People with Each Score
Percentile by Number Answered
Your Score History
You have not taken this quiz